| Tag |
First Indicator |
Second Indicator |
Subfields |
| LEADER |
00000cam a2200000 a 4500 |
| 001 |
in00000015806 |
| 005 |
20151007052615.0 |
| 008 |
880413s1987 enka b 10110 eng d |
| 010 |
|
|
|a gb 87047363
|
| 015 |
|
|
|a GB87-47363
|
| 020 |
|
|
|a 0852952082 :
|c £30.00
|
| 020 |
|
|
|a 0080348211 (Pergamon)
|
| 035 |
|
|
|a (OCoLC)16923659
|
| 035 |
|
|
|9 AAA8486AM
|
| 040 |
|
|
|a UKM
|c UKM
|d TXA
|d UtOrBLW
|
| 049 |
|
|
|a TXAM
|c [A11050683]
|
| 050 |
1 |
0 |
|a TP156.E8
|
| 050 |
|
4 |
|a TP156.E8
|b E93 1987
|
| 082 |
0 |
|
|a 660.2/84248
|2 19
|
| 111 |
2 |
|
|a Extraction '87 (Symposium)
|c (Dounreay, Scotland)
|
| 245 |
1 |
0 |
|a Extraction '87 :
|b the recovery of high value materials /
|c organised by the Institution of Chemical Engineers (Scottish Branch) and Dounreay Nuclear Power Development Establishment and held at Dounreay, Scotland 23-26 June 1987.
|
| 250 |
|
|
|a 1st ed.
|
| 264 |
|
1 |
|a Rugby, [England] :
|b Institution of Chemical Engineers,
|c [1987]
|
| 264 |
|
4 |
|c ©1987
|
| 300 |
|
|
|a 413 pages :
|b illustrations ;
|c 22 cm.
|
| 336 |
|
|
|a text
|b txt
|2 rdacontent
|
| 337 |
|
|
|a unmediated
|b n
|2 rdamedia
|
| 338 |
|
|
|a volume
|b nc
|2 rdacarrier
|
| 490 |
1 |
|
|a EFCE publication series ;
|v no. 56
|
| 490 |
1 |
|
|a Symposium series / the Institution of Chemical Engineers ;
|v no. 103
|
| 500 |
|
|
|a "EFCE event number 347."
|
| 504 |
|
|
|a Includes bibliographies and index.
|
| 650 |
|
0 |
|a Extraction (Chemistry)
|
| 700 |
1 |
|
|a Walker, M.
|q (Mike)
|
| 710 |
2 |
|
|a Institution of Chemical Engineers (Great Britain).
|b Scottish Branch.
|
| 710 |
2 |
|
|a Dounreay Nuclear Power Development Establishment.
|
| 830 |
|
0 |
|a EFCE publication series ;
|v no. 56.
|
| 830 |
|
0 |
|a Symposium series (Institution of Chemical Engineers (Great Britain)) ;
|v no.103.
|
| 999 |
|
|
|a MARS
|
| 999 |
f |
f |
|s 3806e4e2-57ca-352c-99cf-97ab9e803061
|i 7b4b45e0-b28f-3f87-a2b3-efe0fb1518ea
|t 0
|
| 952 |
f |
f |
|p ric
|a Texas A&M University
|b Rellis Campus
|c Joint Library Facility
|d Remote Storage
|t 0
|e TP156.E8 E93 1987
|h Library of Congress classification
|i unmediated -- volume
|m A14811050683
|
| 998 |
f |
f |
|a TP156.E8 E93 1987
|t 0
|l Remote Storage
|